Piosenki lat 2010 - nagła śmierć - Statystyki

Ogólne statystyki
  • Ten quiz został rozwiązany 2 805 razy
  • Średni wynik to 5 z 13
Answers on the Grid
Answers color-coded by a green-red scale on the quiz's grid according to % correct below.
Bad Guy
Desperado
Smooth Criminal
Copacabana
Despacito
Livin' La Vida Loca
Cat Scratch Fever
Eye of the Tiger
Roar
Gangnam Style
Sharp Dressed Man
Vogue
Love the Way You Lie
Torn
You're So Vain
Go the Distance
Go Your Own Way
Let Her Go
Daydream Believer
Imagine
Thinking Out Loud
Break Stuff
T.N.T.
Wrecking Ball
Funky Cold Medina
Funkytown
Uptown Funk
Black Hole Sun
Counting Stars
Rocket Man
Dancing on My Own
Dancing on the Ceiling
Dancing Queen
Africa
Havana
Kashmir
Humble
Smooth
Toxic
 
Statystyki odpowiedzi
Odpowiedź % Poprawnych
Luis Fonsi / Daddy Yankee (2017) Despacito
72%
Billie Eilish (2019) Bad Guy
70%
Psy (2012) Gangnam Style
61%
Katy Perry (2013) Roar
54%
Eminem / Rihanna (2010) Love the Way You Lie
39%
Miley Cyrus (2013) Wrecking Ball
37%
One Republic (2013) Counting Stars
35%
Mark Ronson ft. Bruno Mars (2014) Uptown Funk
35%
Camila Cabello (2017) Havana
34%
Passenger (2012) Let Her Go
30%
Ed Sheeran (2014) Thinking Out Loud
27%
Kendrick Lamar (2017) Humble
20%
Robyn (2010) Dancing on My Own
16%
Nie znaleziono quizów pasujących do podanych kryteriów
Rozkład punktacji
Procent ludzi z każdym wynikiem
Percentyl według liczby udzielonych odpowiedzi
Twoja historia wyników
Nie rozwiązałeś tego quizu